000 005840000a22001930004500
001 17775
010 _a972-21-0555-8
090 _a17775
100 _a20041013d1991 k y0pory5003 ba
101 0 _apor
102 _aPT
200 1 _aTodos e nenhum
_ecrónica de uma semana no campo
_fHenrique Nicolau
210 _aLisboa
_cCaminho
_d1991
215 _a180, [11] p
225 2 _aCaminho de bolso
_iPolicial
_v126
675 _a821.134.3-312.4
_vBN
_zpor
700 1 _aNicolau
_bHenrique
942 _cMON
_n0
999 _a17775
_bBibliobase - BMTAV
_c2019-01-21